Capitales des régions françaises - Mort subite - Statistiques

Statistiques générales
  • Ce quiz a été pris 5 796 fois
  • Le résultat moyen est 5 sur 13
Answers on the Grid
Answers color-coded by a green-red scale on the quiz's grid according to % correct below.
Ajaccio
Amiens
Auxerre
Bastia
Bordeaux
Brest
Caen
Dijon
Le Mans
Lille
Lyon
Marseille
Montpellier
Nancy
Nantes
Nice
Orléans
Paris
Reims
Rennes
Rouen
Strasbourg
Toulouse
Tours
 
Statistiques - réponses
Réponse % Correct
Ajaccio
63%
Bordeaux
57%
Marseille
55%
Paris
54%
Lille
52%
Lyon
52%
Strasbourg
43%
Toulouse
41%
Rennes
34%
Nantes
30%
Dijon
26%
Orléans
18%
Rouen
18%
Aucun quiz correspondant
Distribution des résultats
% des personnes avec chaque résultat
Percentile par nombre de réponses
Votre historique - résultats
Vous n’avez pas pris ce quiz